[Event "Montigny le Bretonneux Noel op 16th"]
[Site "Montigny le Bretonneux"]
[Date "2015.12.29"]
[Round "6"]
[White "Duval, Sylvain"]
[Black "Artieres, Michel"]
[Result "1-0"]
[WhiteElo "1977"]
[BlackElo "1701"]
[PlyCount "63"]
[EventDate "2015.12.27"]
[EventType "swiss"]
[EventRounds "7"]
[EventCountry "FRA"]
[SourceTitle "CBM 170 Extra"]
[Source "ChessBase"]
[SourceDate "2016.02.25"]
[SourceVersion "1"]
[SourceVersionDate "2016.02.25"]
[SourceQuality "1"]

1. g3 Nf6 2. Bg2 e5 3. c4 Nc6 4. Nc3 d6 5. d3 Be7 6. e4 0-0 7. Nge2 h6 8. 0-0 Nh7 9. f4 exf4 10. Nxf4 Bg5 11. Be3 Ne5 12. h3 c6 13. Qd2 Qc7 14. b3 Ng6 15. d4 Bxf4 16. Bxf4 Nxf4 17. Rxf4 b6 18. Raf1 Ng5 19. Kh2 Bb7 20. Rg4 Bc8 21. Rgf4 a6 22. d5 Rb8 23. h4 Nh7 24. dxc6 f6 25. Nd5 Qf7 26. Qb4 Qe6 27. Qc3 b5 28. cxb5 axb5 29. Qa5 Qe5 30. Qa7 Be6 31. Ne7+ Kf7 32. Nf5+ 1-0

[Event "Montigny le Bretonneux Noel op 15th"]
[Site "Montigny le Bretonneux"]
[Date "2012.12.27"]
[Round "3"]
[White "Duval, Sylvain"]
[Black "Etrog, Jonathan"]
[Result "0-1"]
[WhiteElo "1973"]
[BlackElo "2170"]
[PlyCount "76"]
[EventDate "2012.12.26"]
[EventType "swiss"]
[EventRounds "7"]
[EventCountry "FRA"]
[SourceTitle "CBM 152 Extra"]
[Source "ChessBase"]
[SourceDate "2013.02.25"]
[SourceVersion "1"]
[SourceVersionDate "2013.02.25"]
[SourceQuality "1"]

1. c4 c5 2. g3 g6 3. Bg2 Bg7 4. Nc3 Nc6 5. d3 d6 6. e4 Nf6 7. Nge2 0-0 8. 0-0 Ne8 9. Be3 Nd4 10. f4 Nc7 11. Rb1 Rb8 12. Bxd4 cxd4 13. Nb5 Nxb5 14. cxb5 Qa5 15. a4 Qb4 16. Nc1 a6 17. Na2 Qa5 18. b4 Qb6 19. bxa6 bxa6 20. Rf2 Bd7 21. Rfb2 Rfc8 22. Bf3 Rc3 23. Kh1 Ra3 24. a5 Qb5 25. Be2 f5 26. Qd2 Bc6 27. Kg1 fxe4 28. dxe4 d3 29. Bd1 Bxe4 30. Bb3+ Kh8 31. Nc3 Qxb4 32. Bd5 Qc5+ 33. Kf1 Rxb2 34. Qxb2 Bxd5 35. Qb8+ Bg8 36. Ne4 Qd5 37. Ng5 Qh1+ 38. Kf2 Bd4# 0-1

[Event "Montigny le Bretonneux Noel op 13th"]
[Site "Montigny le Bretonneux"]
[Date "2010.12.27"]
[Round "3"]
[White "Duval, Sylvain"]
[Black "Billot, Daniel"]
[Result "1-0"]
[WhiteElo "1929"]
[BlackElo "1756"]
[PlyCount "95"]
[EventDate "2010.12.26"]
[EventType "swiss"]
[EventRounds "7"]
[EventCountry "FRA"]
[SourceTitle "CBM 140 Extra"]
[Source "ChessBase"]
[SourceDate "2011.03.01"]
[SourceVersion "1"]
[SourceVersionDate "2011.03.01"]
[SourceQuality "1"]

1. d4 Nf6 2. Bf4 c5 3. e3 g6 4. c3 Qb6 5. Qc1 Bg7 6. Bd3 d6 7. Nf3 0-0 8. 0-0 Bg4 9. Nbd2 Nbd7 10. h3 Bxf3 11. Nxf3 e5 12. dxe5 Nh5 13. exd6 Nxf4 14. exf4 Rac8 15. Rd1 c4 16. Bc2 Rfe8 17. Ba4 Re2 18. Nd4 Bxd4 19. cxd4 Qxd6 20. Bxd7 Qxd7 21. Rd2 Rce8 22. Rxe2 Rxe2 23. Qxc4 Rd2 24. Rc1 Kg7 25. Qc3 Qxd4 26. Qxd4+ Rxd4 27. Rc7 Rb4 28. b3 a5 29. g3 Kf6 30. Kg2 Ke6 31. Kf3 h5 32. Ke3 b5 33. Ra7 a4 34. bxa4 Rxa4 35. Rxa4 bxa4 36. Kd4 Kf5 37. Kc4 Ke4 38. Kb4 Kf3 39. Kxa4 Kxf2 40. Kb4 Kxg3 41. a4 Kxh3 42. a5 Kg4 43. a6 Kxf4 44. a7 g5 45. a8Q f5 46. Kc4 h4 47. Qb8+ Ke3 48. Qe5+ 1-0

[Event "Saint Quentin op 11th"]
[Site "Elancourt"]
[Date "2009.04.25"]
[Round "9"]
[White "Duval, Sylvain"]
[Black "Plantet, Marc"]
[Result "0-1"]
[WhiteElo "1955"]
[BlackElo "1912"]
[PlyCount "90"]
[EventDate "2009.04.18"]
[EventType "swiss"]
[EventRounds "9"]
[EventCountry "FRA"]
[SourceTitle "CBM 129 Extra"]
[Source "ChessBase"]
[SourceDate "2009.05.05"]
[SourceVersion "2"]
[SourceVersionDate "2009.05.20"]
[SourceQuality "1"]

1. d4 d5 2. Nf3 Nc6 3. e3 Bf5 4. Bd3 Bg4 5. c4 e5 6. dxe5 dxc4 7. Bxc4 Qxd1+ 8. Kxd1 Nxe5 9. Be2 0-0-0+ 10. Ke1 Nd3+ 11. Bxd3 Rxd3 12. Ke2 Rd7 13. Bd2 Bd6 14. h3 Bh5 15. Bc3 f5 16. Nbd2 Nf6 17. Nc4 Be7 18. Nce5 Rd5 19. Rhd1 Bd6 20. Kf1 Re8 21. Rxd5 Nxd5 22. Nc4 Bf8 23. Be1 f4 24. Rd1 Bf7 25. Nce5 fxe3 26. Rc1 e2+ 27. Kg1 Bg8 28. Rc2 Nf4 29. g3 Nxh3+ 30. Kh2 Ng5 31. Nxg5 Rxe5 32. f4 Re3 33. Kg2 h6 34. Kf2 Re8 35. Nf3 Bh7 36. Rxe2 Bc5+ 37. Kf1 Bd3 38. Ne5 Bxe2+ 39. Kxe2 Bd4 40. Bc3 Bxc3 41. bxc3 Re6 42. Kd3 Ra6 43. Ke4 Rxa2 44. Kf5 Ra6 45. c4 Rf6+ 0-1

[Event "Elancourt op 10th"]
[Site "Elancourt"]
[Date "2007.04.21"]
[Round "9"]
[White "Bedouin, Xavier"]
[Black "Duval, Sylvain"]
[Result "1-0"]
[WhiteElo "2328"]
[BlackElo "1970"]
[PlyCount "73"]
[EventDate "2007.04.14"]
[EventType "swiss"]
[EventRounds "9"]
[EventCountry "FRA"]
[SourceTitle "CBM 118 Extra"]
[Source "ChessBase"]
[SourceDate "2007.07.04"]
[SourceVersion "1"]
[SourceVersionDate "2007.07.04"]
[SourceQuality "1"]

1. e4 c5 2. c3 g6 3. d4 cxd4 4. cxd4 Bg7 5. Nc3 d6 6. h3 Nf6 7. Nf3 0-0 8. Bd3 a6 9. a4 Re8 10. 0-0 Nc6 11. Be3 Nb4 12. Be2 Nc6 13. d5 Ne5 14. Nd4 Ned7 15. Qc2 e6 16. dxe6 fxe6 17. Rfd1 Qe7 18. Rac1 e5 19. Bc4+ Kh8 20. Ne6 Nf8 21. Nxg7 Kxg7 22. Qd2 Rd8 23. Bb6 Re8 24. Qxd6 Qxd6 25. Rxd6 Be6 26. Bd5 Bxd5 27. exd5 Rec8 28. Be3 Rc7 29. Rb6 N8d7 30. Rb4 Nc5 31. Bxc5 Rxc5 32. Rxb7+ Kf8 33. Rd1 Rd8 34. Rb6 Nxd5 35. Rxa6 Ke8 36. Ne4 Rc2 37. Rxd5 1-0

[Event "Elancourt op"]
[Site "Elancourt"]
[Date "2006.04.19"]
[Round "5"]
[White "Acco, David"]
[Black "Duval, Sylvain"]
[Result "0-1"]
[WhiteElo "1953"]
[BlackElo "1987"]
[PlyCount "120"]
[EventDate "2006.04.16"]
[EventType "swiss"]
[EventRounds "9"]
[EventCountry "FRA"]
[SourceTitle "CBM 111 Extra"]
[Source "ChessBase"]
[SourceDate "2006.05.09"]
[SourceVersion "1"]
[SourceVersionDate "2006.05.09"]
[SourceQuality "1"]

1. d4 Nf6 2. Nf3 e6 3. c4 Nc6 4. Nc3 Bb4 5. Bg5 0-0 6. a3 Be7 7. e4 d6 8. e5 dxe5 9. dxe5 Nd7 10. Bf4 f6 11. exf6 Rxf6 12. Bg5 Rf8 13. Bxe7 Qxe7 14. Bd3 b6 15. Qc2 h6 16. Bh7+ Kh8 17. Be4 Bb7 18. Rd1 Nc5 19. Bxc6 Bxc6 20. Ne5 Qg5 21. Ng6+ Kg8 22. f4 Qxg2 23. Qxg2 Bxg2 24. Rg1 Bf3 25. Nxf8 Bxd1 26. Nxe6 Nxe6 27. Kxd1 Nxf4 28. Re1 Rd8+ 29. Kc2 Rd7 30. Re4 g5 31. h4 Kf7 32. hxg5 hxg5 33. Re5 Kf6 34. Re8 g4 35. Ne4+ Kg6 36. Rf8 Rf7 37. Rg8+ Rg7 38. Rf8 Nh5 39. Rf2 g3 40. Nxg3 Nxg3 41. Kb3 Nf5 42. Kb4 a6 43. c5 Kf6 44. cxb6 cxb6 45. Rf4 Ke5 46. Rc4 Kd5 47. Rc8 Rg4+ 48. Kb3 Nd6 49. Ra8 a5 50. Rh8 a4+ 51. Kc3 Nb5+ 52. Kc2 Rg3 53. Rh5+ Kc4 54. Rh4+ Nd4+ 55. Kc1 Rd3 56. Rg4 Kb3 57. Re4 Ka2 58. Rh4 b5 59. Rh5 Ne2+ 60. Kc2 Rb3 0-1

[Event "Elancourt op"]
[Site "Elancourt"]
[Date "2006.04.18"]
[Round "4"]
[White "Duval, Sylvain"]
[Black "Branson, James"]
[Result "1-0"]
[WhiteElo "1987"]
[BlackElo "1923"]
[PlyCount "91"]
[EventDate "2006.04.16"]
[EventType "swiss"]
[EventRounds "9"]
[EventCountry "FRA"]
[SourceTitle "CBM 111 Extra"]
[Source "ChessBase"]
[SourceDate "2006.05.09"]
[SourceVersion "1"]
[SourceVersionDate "2006.05.09"]
[SourceQuality "1"]

1. e4 e6 2. d4 d5 3. Nc3 Bb4 4. e5 c5 5. Qg4 Kf8 6. a3 Bxc3+ 7. bxc3 h5 8. Qd1 b6 9. f4 Ne7 10. Bd3 Ba6 11. Bxa6 Nxa6 12. Qe2 Nc7 13. a4 Nf5 14. Nf3 Kg8 15. dxc5 bxc5 16. Ba3 c4 17. 0-0 Na6 18. Rfb1 Rb8 19. Nd4 Nxd4 20. cxd4 g6 21. Qd2 Kh7 22. Bd6 Rxb1+ 23. Rxb1 Qd7 24. Qa5 Qc6 25. Qb5 Rc8 26. Qxc6 Rxc6 27. Rb7 Kg8 28. Rxa7 Rb6 29. Ra8+ Kh7 30. a5 Rc6 31. Ra7 Kg7 32. Kf2 g5 33. fxg5 Kg6 34. h4 c3 35. Kf3 Rc4 36. Rxa6 Rxd4 37. g3 Rd2 38. Rc6 Rxc2 39. Ke3 Ra2 40. Be7 d4+ 41. Kxd4 c2 42. Kd3 Ra3+ 43. Kxc2 Rxg3 44. Rc4 Ra3 45. Kb2 Re3 46. a6 1-0

[Event "Elancourt op"]
[Site "Elancourt"]
[Date "2006.04.17"]
[Round "2"]
[White "Duval, Sylvain"]
[Black "Dumesnil, Alain"]
[Result "1-0"]
[WhiteElo "1987"]
[BlackElo "1500"]
[PlyCount "59"]
[EventDate "2006.04.16"]
[EventType "swiss"]
[EventRounds "9"]
[EventCountry "FRA"]
[SourceTitle "CBM 111 Extra"]
[Source "ChessBase"]
[SourceDate "2006.05.09"]
[SourceVersion "1"]
[SourceVersionDate "2006.05.09"]
[SourceQuality "1"]

1. e4 c6 2. d4 d5 3. e5 Bf5 4. Nf3 e6 5. Be2 c5 6. 0-0 Nc6 7. Be3 c4 8. c3 Nge7 9. Nh4 Bg6 10. Nxg6 hxg6 11. Bg5 Qc7 12. g3 Nf5 13. Nd2 Be7 14. Bxe7 Qxe7 15. Nf3 0-0-0 16. b3 Nh4 17. gxh4 Rxh4 18. Nxh4 Qxh4 19. f4 Rh8 20. Rf2 Ne7 21. Qf1 Nf5 22. Qg2 f6 23. bxc4 g5 24. Bg4 dxc4 25. Bxf5 exf5 26. Rb1 g4 27. Qxb7+ Kd8 28. Qb8+ Ke7 29. Rb7+ Ke6 30. Qd6# 1-0